| 000 | 00894nam a22002657a 4500 | ||
|---|---|---|---|
| 003 | OSt | ||
| 005 | 20160728133859.0 | ||
| 008 | 160728b xxu||||| |||| 00| 0 eng d | ||
| 020 | _a978-971-9647-02-7 | ||
| 040 | _cLIC | ||
| 082 |
_22015 _aDFil 363.258 _bR32 |
||
| 100 |
_912065 _aRevisa, William A. |
||
| 245 |
_aWorkbook on personal identification/ _cWilliam A. Revisa...[and three others]. |
||
| 260 |
_aQuezon City: _bChapterHouse Publishing Incorporated, _cc2015. |
||
| 300 |
_av, 185 pages: _billustrations; _c25 cm. |
||
| 365 |
_b488.00 _cPhp |
||
| 500 | _aIncludes bibliographical references. | ||
| 650 | 0 |
_912062 _aFingerprints |
|
| 650 | 0 |
_912063 _aCriminal -identification |
|
| 650 | 0 |
_912064 _aPersonal identification -- fingerprints |
|
| 700 |
_912066 _aChavez, Carmelita B. |
||
| 700 |
_912067 _aMagbojos, Roberto R. |
||
| 700 |
_912068 _aSerion, Edison B. |
||
| 942 |
_2ddc _cDFIL |
||
| 999 |
_c3626 _d3626 |
||